000 00494nam a2200217Ia 4500
003 OSt
005 20220918195951.0
006 a|||||r|||| 00| 0
007 ta
008 220917b |||||||| |||| 00| 0 eng d
024 _a86,949
037 _cTextual
040 _aARTS
_cARTS
_beng
041 _2eng
_aeng
082 _aT:36, K7
245 0 _aTechnology in education
260 _c1967
650 _aEDUCATION
942 _hT:36, K7
_cTEXL
_2CC
999 _c210646
_d210646